El aborto: no matarás.

Salvato in:
Dettagli Bibliografici
Autore principale: Blázquez, Niceto
Natura: Libro
Lingua:spagnolo
Pubblicazione: Madrid, España BCA 1977
Serie:Biblioteca de Autores Cristianos
Soggetti:
Tags: Aggiungi Tag
Nessun Tag, puoi essere il primo ad aggiungerne!!

MARC

LEADER 00000nam a2200000 a 4500
001 UCL1599
003 CL-VaPUC
005 20220319074517.0
008 030911e19770000SP |||||||||||||||||spa|d
999 |c 305096  |d 305094 
020 |a 8422007959 
040 |c Pontificia Universidad Católica de Valparaíso 
082 0 4 |a 179.76 BLA 1977  |2 21 
100 |a Blázquez, Niceto  |9 295392 
245 1 3 |a El aborto: no matarás. 
260 0 3 |a Madrid, España  |b BCA  |c 1977 
300 |a 213 páginas. 
490 0 |a Biblioteca de Autores Cristianos 
583 |a last modification  |c 20030911 00:00:00  |k Rodrigo Vera 
650 0 |a Aborto  |9 256680 
650 0 |a Ética  |9 255099 
650 0 |a Comportamiento moral  |9 334569 
650 0 |a Cristianismo  |9 257361 
650 0 |a Moral cristiana  |9 464237 
942 |c BK  |2 ddc 
945 |d 20030911 00:00:00  |a cmena 
952 |0 0  |1 0  |2 ddc  |4 0  |6 179_760000000000000_BLA_1977  |7 0  |8 A  |9 368067  |a BIBDER  |b BIBDER  |d 2019-11-21  |i 3938905  |o 179.76 BLA 1977  |p 3938905  |r 2023-01-25  |t 1  |w 2019-11-21  |y BK  |k DER